000 00491nam a2200157Ia 4500
008 240729s9999 xx 000 0 und d
022 _a1820-7138
245 0 _aGeographica Pannonica
260 _aSerbia
260 _bUniversity of Novi Sad, Department of Geography, Tourism and Hotel Management
650 _a Geography (General)
650 _aGeography. Anthropology. Recreation
856 _uhttps://doaj.org/toc/f9d6c6952e364316a2b8ea7a498e2cab
942 _2ddc
942 _cDOAJEJ
999 _c66534
_d66534
945 _a1
_bMadushi Gamage
_c1
_dMadushi Gamage